[Event "v4camp2016"]
[Site "?"]
[Date "2016.06.26"]
[Round "8.9"]
[White "Bubnov, Kirill"]
[Black "Suchomelova, Simona"]
[Result "1-0"]
[BlackElo "1833"]
[WhiteElo "2163"]
[LiveChessVersion "1.4.8"]

1. d4 {[%clk 1:30:58]} Nf6 {[%clk 1:29:24]} 2. c4 {[%clk 1:31:24]} e6
{[%clk 1:29:43]} 3. Nf3 {[%clk 1:31:31]} b6 {[%clk 1:29:42]} 4. a3
{[%clk 1:31:36]} Bb7 {[%clk 1:28:39]} 5. e3 {[%clk 1:31:14]} d5 {[%clk 1:26:21]}
6. Nc3 {[%clk 1:30:58]} Be7 {[%clk 1:24:07]} 7. cxd5 {[%clk 1:31:24]} Nxd5
{[%clk 1:24:11]} 8. Bb5+ {[%clk 1:31:48]} c6 {[%clk 1:18:48]} 9. Bd3
{[%clk 1:31:52]} O-O {[%clk 1:15:48]} 10. e4 {[%clk 1:32:20]} Nxc3
{[%clk 1:15:01]} 11. bxc3 {[%clk 1:32:46]} c5 {[%clk 1:13:56]} 12. h4
{[%clk 1:33:13]} Qc8 {[%clk 1:05:06]} 13. Bd2 {[%clk 1:25:16]} Ba6
{[%clk 1:04:33]} 14. Bb1 {[%clk 1:19:36]} Nd7 {[%clk 0:57:35]} 15. e5
{[%clk 1:18:57]} Rd8 {[%clk 0:49:25]} 16. Bxh7+ {[%clk 0:58:44]} Kxh7
{[%clk 0:43:39]} 17. Ng5+ {[%clk 0:58:58]} Kg8 {[%clk 0:42:12]} 18. Qh5
{[%clk 0:58:55]} Bxg5 {[%clk 0:38:38]} 19. hxg5 {[%clk 0:59:22]} Kf8
{[%clk 0:38:48]} 20. g6 {[%clk 0:59:49]} Ke7 {[%clk 0:36:15]} 21. gxf7
{[%clk 0:59:46]} Rf8 {[%clk 0:34:28]} 22. Bg5+ {[%clk 0:54:59]} Nf6
{[%clk 0:33:31]} 23. Qf3 {[%clk 0:48:25]} Rxf7 {[%clk 0:28:49]} 24. Rh7
{[%clk 0:45:43]} Qb7 {[%clk 0:16:46]} 25. exf6+ {[%clk 0:39:45]} Kd7
{[%clk 0:14:37]} 26. Rxg7 {[%clk 0:34:45]} Raf8 {[%clk 0:10:05]} 27. Qxb7+
{[%clk 0:30:28]} Bxb7 {[%clk 0:10:32]} 28. O-O-O {[%clk 0:30:42]} c4
{[%clk 0:08:09]} 29. f3 {[%clk 0:30:20]} b5 {[%clk 0:07:15]} 30. Rh1
{[%clk 0:29:44]} a5 {[%clk 0:07:03]} 31. Rhh7 {[%clk 0:28:18]} Ke8
{[%clk 0:07:06]} 32. Bf4 {[%clk 0:27:52]} Rxg7 {[%clk 0:06:59]} 33. fxg7
{[%clk 0:28:09]} Rg8 {[%clk 0:07:13]} 34. Be5 {[%clk 0:27:59]} Kf7
{[%clk 0:05:45]} 35. Rh8 {[%clk 0:28:11]} Bd5 {[%clk 0:04:57]} 36. Kd2
{[%clk 0:27:26]} Bb7 {[%clk 0:02:54]} 37. Ke3 {[%clk 0:27:22]} Bd5
{[%clk 0:03:17]} 38. g4 {[%clk 0:27:46]} Bc6 {[%clk 0:01:04]} 39. g5
{[%clk 0:28:06]} Rxg7 {[%clk 0:01:15]} 40. Bxg7 {[%clk 0:28:31]} Kxg7
{[%clk 0:01:36]} 41. Rc8 {[%clk 0:28:52]} Bd5 {[%clk 0:01:34]} 42. Rc5
{[%clk 0:29:12]} b4 {[%clk 0:00:59]} 43. cxb4 {[%clk 0:29:30]} 1-0

[Event "v4camp2016"]
[Site "?"]
[Date "2016.06.26"]
[Round "8.10"]
[White "Nemcova, Kamila"]
[Black "Skafar, Darya"]
[Result "1-0"]
[BlackElo "2050"]
[WhiteElo "1743"]
[LiveChessVersion "1.4.8"]

1. e4 {[%clk 1:30:57]} d6 {[%clk 1:30:52]} 2. d4 {[%clk 1:31:18]} Nf6
{[%clk 1:31:07]} 3. Nc3 {[%clk 1:31:38]} g6 {[%clk 1:31:28]} 4. Be3
{[%clk 1:30:15]} c6 {[%clk 1:30:17]} 5. f3 b5 {[%clk 1:26:12]} 6. a3
{[%clk 1:24:16]} Nbd7 {[%clk 1:11:13]} 7. d5 {[%clk 1:16:40]} cxd5
{[%clk 1:08:45]} 8. Nxd5 {[%clk 1:16:34]} a6 9. a4 {[%clk 1:12:32]} bxa4
{[%clk 0:40:31]} 10. Rxa4 {[%clk 1:12:45]} Bg7 {[%clk 0:36:04]} 11. Bc4
{[%clk 1:03:21]} Bb7 {[%clk 0:28:23]} 12. c3 {[%clk 1:01:14]} O-O
{[%clk 0:24:05]} 13. Ne2 {[%clk 0:54:42]} e6 {[%clk 0:12:47]} 14. Nxf6+
{[%clk 0:52:02]} Nxf6 {[%clk 0:13:06]} 15. Nf4 {[%clk 0:50:18]} Qe7
{[%clk 0:07:41]} 16. Kf2 {[%clk 0:48:37]} Rfd8 {[%clk 0:06:07]} 17. Qe2
{[%clk 0:44:55]} Rdb8 {[%clk 0:01:18]} 18. Rha1 {[%clk 0:44:44]} d5
{[%clk 0:00:38]} 19. exd5 {[%clk 0:45:02]} Nxd5 {[%clk 0:00:40]} 20. Nxd5
{[%clk 0:45:16]} exd5 {[%clk 0:00:36]} 21. Bxa6 {[%clk 0:40:04]} Bxa6
{[%clk 0:00:46]} 22. Rxa6 {[%clk 0:40:32]} Rxa6 {[%clk 0:00:49]} 23. Rxa6
{[%clk 0:40:59]} Qh4+ {[%clk 0:00:35]} 24. Kg1 {[%clk 0:40:45]} Be5
{[%clk 0:00:37]} 25. g3 {[%clk 0:39:30]} Bxg3 {[%clk 0:00:50]} 26. hxg3
{[%clk 0:39:59]} Qxg3+ {[%clk 0:01:13]} 27. Kf1 {[%clk 0:29:55]} Qh3+
{[%clk 0:00:46]} 28. Qg2 {[%clk 0:26:59]} Qf5 {[%clk 0:00:46]} 29. Ra1
{[%clk 0:27:02]} Re8 {[%clk 0:00:42]} 30. Re1 {[%clk 0:26:59]} Qd3+
{[%clk 0:00:45]} 31. Qe2 {[%clk 0:27:18]} Qf5 {[%clk 0:00:42]} 32. Qf2
{[%clk 0:24:42]} Qh3+ {[%clk 0:00:38]} 33. Kg1 {[%clk 0:25:06]} Qd7
{[%clk 0:00:34]} 34. Bh6 {[%clk 0:23:56]} Rb8 {[%clk 0:00:33]} 35. Qd4
{[%clk 0:23:50]} f5 {[%clk 0:00:45]} 36. c4 {[%clk 0:22:32]} Rd8 {[%clk 0:00:37]}
37. cxd5 {[%clk 0:22:02]} Qc7 {[%clk 0:00:34]} 38. d6 {[%clk 0:20:24]} 1-0

[Event "v4camp2016"]
[Site "?"]
[Date "2016.06.26"]
[Round "8.11"]
[White "Zakharikov, Ivan"]
[Black "Volaninova, Sarka"]
[Result "1-0"]
[BlackElo "1752"]
[WhiteElo "1982"]
[LiveChessVersion "1.4.8"]

1. e4 {[%clk 1:30:58]} c5 {[%clk 1:30:54]} 2. Nf3 {[%clk 1:31:15]} e6
{[%clk 1:31:08]} 3. c3 {[%clk 1:30:56]} d5 {[%clk 1:31:09]} 4. exd5
{[%clk 1:31:19]} exd5 {[%clk 1:31:33]} 5. d4 {[%clk 1:31:14]} Nc6
{[%clk 1:31:15]} 6. Bb5 {[%clk 1:27:31]} Bd6 {[%clk 1:29:59]} 7. O-O
{[%clk 1:24:36]} Nge7 {[%clk 1:29:03]} 8. Re1 {[%clk 1:16:32]} O-O
{[%clk 1:25:19]} 9. Nbd2 {[%clk 0:58:23]} cxd4 {[%clk 1:19:47]} 10. cxd4
{[%clk 0:58:37]} Qb6 {[%clk 1:18:44]} 11. Bxc6 {[%clk 0:54:53]} Nxc6
{[%clk 1:18:03]} 12. Nb3 {[%clk 0:54:39]} Bg4 {[%clk 1:15:10]} 13. Be3
{[%clk 0:46:15]} Rad8 {[%clk 1:08:44]} 14. h3 {[%clk 0:42:06]} Bh5
{[%clk 1:04:59]} 15. Rc1 {[%clk 0:35:16]} h6 {[%clk 1:00:57]} 16. Rf1
{[%clk 0:21:12]} Rfe8 {[%clk 0:56:30]} 17. g4 {[%clk 0:18:22]} Bg6
{[%clk 0:56:50]} 18. Nh4 {[%clk 0:18:00]} Bh7 {[%clk 0:55:29]} 19. Nf5
{[%clk 0:09:49]} Bf8 {[%clk 0:49:06]} 20. Qf3 {[%clk 0:05:28]} Re6
{[%clk 0:39:26]} 21. Bf4 {[%clk 0:01:51]} Rf6 {[%clk 0:35:26]} 22. Be5
{[%clk 0:01:00]} Nxe5 {[%clk 0:34:48]} 23. dxe5 {[%clk 0:01:29]} Re6
{[%clk 0:33:31]} 24. Rfe1 {[%clk 0:01:17]} d4 {[%clk 0:26:54]} 25. Rcd1
{[%clk 0:01:22]} Bxf5 {[%clk 0:25:25]} 26. gxf5 {[%clk 0:01:50]} Rc6
{[%clk 0:24:12]} 27. Qe4 {[%clk 0:01:05]} Be7 {[%clk 0:21:00]} 28. Rxd4
{[%clk 0:00:39]} Rxd4 {[%clk 0:20:55]} 29. Qxd4 {[%clk 0:00:50]} Qxd4
{[%clk 0:19:46]} 30. Nxd4 {[%clk 0:01:19]} Rb6 {[%clk 0:18:34]} 31. Nb3
{[%clk 0:01:02]} Bg5 {[%clk 0:15:57]} 32. Re2 {[%clk 0:01:01]} Rb5
{[%clk 0:13:42]} 33. Nd4 {[%clk 0:00:51]} Rd5 {[%clk 0:13:23]} 34. Nf3
{[%clk 0:01:08]} Be7 {[%clk 0:13:10]} 35. Kg2 {[%clk 0:01:05]} b6
{[%clk 0:09:19]} 36. b3 {[%clk 0:01:02]} Bb4 {[%clk 0:08:04]} 37. Kg3
{[%clk 0:00:51]} Kf8 {[%clk 0:08:25]} 38. Rc2 {[%clk 0:00:48]} Bc5
{[%clk 0:07:48]} 39. Kf4 {[%clk 0:00:48]} a5 {[%clk 0:07:01]} 40. Kg3
{[%clk 0:00:43]} Ke8 {[%clk 0:06:43]} 41. Rd2 {[%clk 0:00:52]} Rxd2
{[%clk 0:06:29]} 42. Nxd2 {[%clk 0:01:20]} Kd7 {[%clk 0:06:02]} 43. f4
{[%clk 0:01:01]} Kc6 {[%clk 0:05:10]} 44. Kf3 {[%clk 0:01:10]} Kd5
{[%clk 0:05:09]} 45. Ne4 {[%clk 0:01:00]} Be7 {[%clk 0:04:52]} 46. Ke3
{[%clk 0:00:58]} Ba3 {[%clk 0:04:07]} 47. Kd3 {[%clk 0:00:54]} Bb4
{[%clk 0:03:49]} 48. Nc3+ {[%clk 0:00:44]} Kc6 {[%clk 0:03:35]} 49. Ne2
{[%clk 0:00:57]} Kd5 {[%clk 0:03:10]} 50. Nc3+ {[%clk 0:01:23]} Kc6
{[%clk 0:03:32]} 51. Nd1 {[%clk 0:01:42]} Kd5 {[%clk 0:03:29]} 52. Ne3+
{[%clk 0:02:03]} Kc6 {[%clk 0:03:44]} 53. Ke4 {[%clk 0:02:11]} Ba3
{[%clk 0:03:09]} 54. Nc2 {[%clk 0:01:50]} Be7 {[%clk 0:03:18]} 55. e6
{[%clk 0:01:16]} fxe6 {[%clk 0:01:00]} 56. fxe6 {[%clk 0:01:41]} Kd6
{[%clk 0:00:57]} 57. f5 {[%clk 0:01:34]} Bh4 {[%clk 0:01:00]} 58. Ne3
{[%clk 0:01:28]} Bg5 {[%clk 0:00:44]} 59. Nc4+ {[%clk 0:01:33]} Kc5
{[%clk 0:00:40]} 60. Ne3 {[%clk 0:01:06]} Kd6 {[%clk 0:00:48]} 61. Nd5
{[%clk 0:01:20]} Bd8 {[%clk 0:00:38]} 62. Nf4 {[%clk 0:01:06]} Bf6
{[%clk 0:00:34]} 63. Nh5 {[%clk 0:00:53]} Bb2 {[%clk 0:00:47]} 64. Nf4
{[%clk 0:01:01]} Bf6 {[%clk 0:01:10]} 65. Ng6 {[%clk 0:01:00]} Bg5
{[%clk 0:00:49]} 66. Nf4 {[%clk 0:00:51]} Bf6 {[%clk 0:01:01]} 67. Nd5
{[%clk 0:00:54]} Bd8 {[%clk 0:01:22]} 68. Nf4 {[%clk 0:00:48]} Bf6
{[%clk 0:01:20]} 69. Ng6 {[%clk 0:01:10]} Bg5 {[%clk 0:01:41]} 70. Kd4
{[%clk 0:01:19]} b5 {[%clk 0:01:01]} 71. Kd3 {[%clk 0:01:17]} Bf6
{[%clk 0:00:59]} 72. a4 {[%clk 0:01:15]} bxa4 {[%clk 0:00:52]} 73. bxa4
{[%clk 0:01:43]} Bd8 {[%clk 0:00:41]} 74. Kc4 {[%clk 0:02:06]} Bf6
{[%clk 0:00:57]} 75. Kb5 {[%clk 0:02:28]} Bd8 {[%clk 0:01:13]} 76. e7
{[%clk 0:01:25]} 1-0

[Event "v4camp2016"]
[Site "?"]
[Date "2016.06.26"]
[Round "8.12"]
[White "Homolkova, Ivana"]
[Black "Khlopushin, Dmitriy"]
[Result "0-1"]
[BlackElo "1697"]
[WhiteElo "1645"]
[LiveChessVersion "1.4.8"]

1. d4 {[%clk 1:29:56]} d5 {[%clk 1:30:53]} 2. c4 {[%clk 1:30:23]} e6
{[%clk 1:31:19]} 3. Nc3 {[%clk 1:30:49]} Nf6 {[%clk 1:31:44]} 4. cxd5
{[%clk 1:31:09]} exd5 {[%clk 1:32:02]} 5. Bg5 {[%clk 1:31:35]} Nbd7
{[%clk 1:31:07]} 6. e3 {[%clk 1:30:02]} Be7 {[%clk 1:31:19]} 7. Bd3
{[%clk 1:30:04]} O-O {[%clk 1:31:18]} 8. Qc2 {[%clk 1:29:54]} Re8
{[%clk 1:29:43]} 9. Nge2 {[%clk 1:29:21]} c6 {[%clk 1:28:50]} 10. O-O-O
{[%clk 1:28:41]} Ne4 {[%clk 1:28:05]} 11. Bxe7 {[%clk 1:27:42]} Qxe7
{[%clk 1:28:19]} 12. Nf4 {[%clk 1:26:05]} Ndf6 {[%clk 1:26:11]} 13. Rde1
{[%clk 1:22:41]} Bf5 {[%clk 1:17:39]} 14. Nxe4 {[%clk 1:18:06]} dxe4
{[%clk 1:12:16]} 15. Bf1 {[%clk 1:10:27]} Nd5 {[%clk 1:11:42]} 16. Nxd5
{[%clk 1:09:14]} cxd5 {[%clk 1:12:05]} 17. Kb1 {[%clk 1:09:34]} Qd7
{[%clk 1:09:33]} 18. Qb3 {[%clk 1:07:03]} Rec8 {[%clk 1:09:29]} 19. Bb5
{[%clk 1:04:08]} Qd6 {[%clk 1:09:49]} 20. h3 {[%clk 1:01:34]} a6 {[%clk 1:09:52]}
21. Be2 {[%clk 1:01:54]} Rc6 {[%clk 1:06:23]} 22. Rc1 {[%clk 0:57:05]} Rb6
{[%clk 1:04:28]} 23. Qc3 {[%clk 0:56:46]} h6 {[%clk 1:04:06]} 24. Qd2
{[%clk 0:55:32]} Bd7 {[%clk 1:00:28]} 25. Rc5 {[%clk 0:53:49]} Bc6
{[%clk 0:57:28]} 26. Qa5 {[%clk 0:50:17]} Qd8 {[%clk 0:54:59]} 27. Rhc1
{[%clk 0:48:04]} Kh7 {[%clk 0:54:32]} 28. a4 {[%clk 0:42:48]} Rxb2+
{[%clk 0:37:28]} 29. Kxb2 {[%clk 0:43:07]} b6 {[%clk 0:37:54]} 30. Rxd5
{[%clk 0:42:07]} Bxd5 {[%clk 0:38:08]} 31. Qc3 {[%clk 0:38:55]} Qd7
{[%clk 0:37:13]} 32. Qb4 {[%clk 0:34:15]} Qf5 {[%clk 0:34:31]} 33. Rf1
{[%clk 0:30:07]} Qf6 {[%clk 0:32:32]} 34. Bc4 {[%clk 0:24:41]} Bb7
{[%clk 0:32:05]} 35. Kb3 {[%clk 0:22:47]} Rc8 {[%clk 0:27:54]} 36. d5
{[%clk 0:19:55]} a5 {[%clk 0:27:45]} 37. Qd2 {[%clk 0:19:30]} Qd6
{[%clk 0:26:59]} 38. Rd1 {[%clk 0:18:13]} Qc5 {[%clk 0:25:24]} 39. Bb5
{[%clk 0:15:44]} Bxd5+ {[%clk 0:24:43]} 40. Kb2 {[%clk 0:13:23]} Be6
{[%clk 0:23:32]} 41. Rc1 {[%clk 0:11:27]} Qe5+ {[%clk 0:17:18]} 42. Qd4
{[%clk 0:11:21]} Qxd4+ {[%clk 0:17:42]} 43. exd4 {[%clk 0:11:43]} Rxc1
{[%clk 0:18:08]} 44. Kxc1 {[%clk 0:12:01]} Bd5 {[%clk 0:18:32]} 45. Kd2
{[%clk 0:12:00]} g5 {[%clk 0:17:20]} 46. Kc3 {[%clk 0:10:09]} f5 {[%clk 0:10:43]}
47. Bc4 {[%clk 0:07:21]} Bc6 {[%clk 0:10:11]} 48. Kb3 {[%clk 0:07:17]} Kg6
{[%clk 0:10:17]} 49. d5 {[%clk 0:07:19]} Bd7 {[%clk 0:10:29]} 50. Be2
{[%clk 0:05:39]} Kf6 {[%clk 0:10:35]} 51. Bd1 {[%clk 0:06:05]} b5
{[%clk 0:10:43]} 52. axb5 {[%clk 0:05:45]} Bxb5 {[%clk 0:11:09]} 53. Kc3
{[%clk 0:05:41]} Ke5 {[%clk 0:11:34]} 54. Bb3 {[%clk 0:05:16]} f4
{[%clk 0:11:31]} 55. g3 {[%clk 0:04:12]} e3 {[%clk 0:10:30]} 56. gxf4+
{[%clk 0:04:24]} gxf4 {[%clk 0:10:55]} 57. fxe3 {[%clk 0:04:49]} f3
{[%clk 0:11:10]} 0-1

[Event "v4camp2016"]
[Site "?"]
[Date "2016.06.26"]
[Round "8.13"]
[White "Chwistek, Karel"]
[Black "Buco, Martin"]
[Result "1-0"]
[BlackElo "1689"]
[WhiteElo "1945"]
[LiveChessVersion "1.4.8"]

1. e4 {[%clk 1:30:57]} e6 {[%clk 1:30:59]} 2. d3 {[%clk 1:31:19]} c5
{[%clk 1:31:24]} 3. Nd2 {[%clk 1:31:31]} Nc6 {[%clk 1:31:32]} 4. g3
{[%clk 1:31:08]} g6 {[%clk 1:32:00]} 5. Bg2 {[%clk 1:31:06]} Bg7 {[%clk 1:32:28]}
6. Ngf3 {[%clk 1:30:21]} Nge7 {[%clk 1:32:28]} 7. O-O {[%clk 1:29:46]} d6
{[%clk 1:32:45]} 8. c3 {[%clk 1:29:27]} e5 {[%clk 1:33:11]} 9. Ne1
{[%clk 1:21:25]} f5 {[%clk 1:26:00]} 10. f4 {[%clk 1:21:21]} O-O {[%clk 1:25:20]}
11. Nc4 {[%clk 1:17:00]} fxe4 {[%clk 1:06:39]} 12. dxe4 {[%clk 1:15:50]} Be6
{[%clk 1:06:55]} 13. Ne3 {[%clk 1:14:21]} Qd7 {[%clk 1:02:24]} 14. Nd5
{[%clk 1:08:50]} Bg4 {[%clk 0:57:55]} 15. Nxe7+ {[%clk 1:06:41]} Nxe7
{[%clk 0:58:15]} 16. Nf3 {[%clk 1:04:00]} Rad8 {[%clk 0:52:14]} 17. Be3
{[%clk 1:01:57]} Qc6 {[%clk 0:51:00]} 18. Nxe5 {[%clk 0:59:37]} dxe5
{[%clk 0:46:00]} 19. Qxg4 {[%clk 0:59:45]} Rd3 {[%clk 0:44:16]} 20. Qe2
{[%clk 0:57:34]} Rfd8 {[%clk 0:44:00]} 21. Rfd1 {[%clk 0:55:14]} Qd7
{[%clk 0:42:31]} 22. Rxd3 {[%clk 0:54:07]} Qxd3 {[%clk 0:40:49]} 23. Qxd3
{[%clk 0:54:22]} Rxd3 {[%clk 0:41:15]} 24. Bxc5 {[%clk 0:52:57]} Nc6
{[%clk 0:40:52]} 25. Bf1 {[%clk 0:51:34]} Rd2 {[%clk 0:41:08]} 26. Bc4+
{[%clk 0:51:52]} Kh8 {[%clk 0:41:34]} 27. Rb1 {[%clk 0:51:49]} b6
{[%clk 0:41:08]} 28. Be3 {[%clk 0:52:08]} Rd8 {[%clk 0:41:28]} 29. Bd5
{[%clk 0:51:45]} Ne7 {[%clk 0:41:49]} 30. Rd1 {[%clk 0:52:10]} 1-0

[Event "v4camp2016"]
[Site "?"]
[Date "2016.06.26"]
[Round "8.14"]
[White "Poliakova, Emma"]
[Black "Gemsa, Pavel"]
[Result "1/2-1/2"]
[BlackElo "1973"]
[WhiteElo "1826"]
[LiveChessVersion "1.4.8"]

1. e4 {[%clk 1:30:57]} c5 {[%clk 1:30:56]} 2. Nf3 {[%clk 1:31:21]} Nc6
{[%clk 1:31:18]} 3. d4 {[%clk 1:31:31]} cxd4 {[%clk 1:31:43]} 4. Nxd4
{[%clk 1:31:56]} Nf6 {[%clk 1:32:01]} 5. Nc3 {[%clk 1:32:11]} g6 {[%clk 1:32:26]}
6. Nxc6 {[%clk 1:31:19]} bxc6 {[%clk 1:30:48]} 7. e5 {[%clk 1:31:32]} Ng8
{[%clk 1:30:47]} 8. Bc4 {[%clk 1:30:20]} Bg7 {[%clk 1:30:38]} 9. Qf3
{[%clk 1:28:34]} f5 {[%clk 1:29:08]} 10. Bf4 {[%clk 1:21:17]} Qa5
{[%clk 1:19:41]} 11. O-O {[%clk 1:13:26]} Bxe5 {[%clk 1:14:05]} 12. Rfe1
{[%clk 1:11:18]} Bxf4 {[%clk 1:11:19]} 13. Qxf4 {[%clk 1:09:51]} Nf6
{[%clk 1:04:26]} 14. Re5 {[%clk 0:58:45]} Qd8 {[%clk 1:01:14]} 15. Rae1
{[%clk 0:49:04]} e6 {[%clk 1:00:53]} 16. R5e3 {[%clk 0:44:23]} d5
{[%clk 0:53:46]} 17. Rd1 {[%clk 0:40:57]} Ng4 {[%clk 0:45:59]} 18. Ree1
{[%clk 0:37:52]} Kf7 {[%clk 0:43:21]} 19. h3 {[%clk 0:35:33]} Nf6
{[%clk 0:41:06]} 20. Bf1 {[%clk 0:33:16]} h6 {[%clk 0:39:03]} 21. Qe5
{[%clk 0:29:28]} g5 {[%clk 0:31:39]} 22. Na4 {[%clk 0:23:54]} Qa5
{[%clk 0:28:51]} 23. Nc3 {[%clk 0:22:56]} Bd7 {[%clk 0:27:06]} 24. b3
{[%clk 0:19:58]} Rhg8 {[%clk 0:24:23]} 25. a4 {[%clk 0:17:59]} h5
{[%clk 0:24:22]} 26. Ne2 {[%clk 0:17:06]} Ne4 {[%clk 0:23:34]} 27. Ng3
{[%clk 0:14:23]} Nxg3 {[%clk 0:21:52]} 28. Qxg3 {[%clk 0:14:14]} Qc5
{[%clk 0:21:02]} 29. c4 {[%clk 0:11:48]} Rae8 {[%clk 0:19:08]} 30. Qc7
{[%clk 0:11:18]} Re7 {[%clk 0:18:57]} 1/2-1/2

[Event "v4camp2016"]
[Site "?"]
[Date "2016.06.26"]
[Round "8.15"]
[White "Vavrinkova, Eliska"]
[Black "Bielik, Jakub"]
[Result "1-0"]
[BlackElo "1715"]
[WhiteElo "1679"]
[LiveChessVersion "1.4.8"]

1. d4 {[%clk 1:30:58]} d5 {[%clk 1:30:54]} 2. Nf3 {[%clk 1:31:24]} c5
{[%clk 1:31:14]} 3. e3 {[%clk 1:30:09]} e6 {[%clk 1:30:45]} 4. c4
{[%clk 1:29:59]} Nf6 {[%clk 1:31:07]} 5. Nc3 {[%clk 1:29:39]} Nc6
{[%clk 1:31:31]} 6. Be2 {[%clk 1:28:55]} Be7 {[%clk 1:31:52]} 7. O-O
{[%clk 1:28:44]} O-O {[%clk 1:32:19]} 8. b3 {[%clk 1:28:15]} b6 {[%clk 1:32:43]}
9. Bb2 {[%clk 1:27:10]} Bb7 {[%clk 1:33:08]} 10. cxd5 {[%clk 1:23:30]} exd5
{[%clk 1:32:59]} 11. Rc1 {[%clk 1:21:31]} Rc8 {[%clk 1:21:19]} 12. dxc5
{[%clk 1:19:44]} bxc5 {[%clk 1:21:29]} 13. Na4 {[%clk 1:19:45]} Ne4
{[%clk 1:21:37]} 14. Nd2 {[%clk 1:18:06]} Nxd2 {[%clk 1:08:56]} 15. Qxd2
{[%clk 1:18:21]} Na5 {[%clk 1:09:15]} 16. Bf3 {[%clk 1:15:50]} Qd7
{[%clk 0:58:05]} 17. Qxa5 {[%clk 1:12:29]} Qd6 {[%clk 0:17:43]} 18. Ba3
{[%clk 1:08:46]} Ba6 {[%clk 0:11:32]} 19. Rfd1 {[%clk 1:08:44]} Qh6
{[%clk 0:11:16]} 20. Nxc5 {[%clk 1:05:44]} Rc6 {[%clk 0:09:33]} 21. Rxd5
{[%clk 1:04:50]} Rf6 {[%clk 0:07:17]} 22. Ne4 {[%clk 1:00:13]} Rc6
{[%clk 0:04:56]} 23. Rxc6 {[%clk 0:57:47]} Qxc6 {[%clk 0:05:20]} 24. Bxe7
{[%clk 0:57:06]} 1-0

[Event "v4camp2016"]
[Site "?"]
[Date "2016.06.26"]
[Round "8.16"]
[White "Hrebicik, David"]
[Black "Gemsova, Tereza"]
[Result "1-0"]
[BlackElo "1457"]
[WhiteElo "1721"]
[LiveChessVersion "1.4.8"]

1. d4 {[%clk 1:30:55]} d5 {[%clk 1:30:47]} 2. c4 {[%clk 1:31:21]} e6
{[%clk 1:31:04]} 3. Nc3 {[%clk 1:31:34]} Nf6 {[%clk 1:31:12]} 4. Bg5
{[%clk 1:31:58]} Be7 {[%clk 1:28:59]} 5. e3 {[%clk 1:32:03]} Nbd7
{[%clk 1:29:09]} 6. Bd3 {[%clk 1:31:24]} b6 {[%clk 1:28:35]} 7. cxd5
{[%clk 1:31:43]} exd5 {[%clk 1:24:35]} 8. Nge2 {[%clk 1:32:02]} Bb7
{[%clk 1:24:07]} 9. O-O {[%clk 1:31:58]} O-O {[%clk 1:20:54]} 10. f3
{[%clk 1:30:00]} c5 {[%clk 1:18:17]} 11. Rc1 {[%clk 1:27:29]} c4 {[%clk 1:17:32]}
12. Bb1 {[%clk 1:21:55]} Ne8 {[%clk 1:17:06]} 13. Bf4 {[%clk 1:18:35]} f5
{[%clk 1:14:02]} 14. e4 {[%clk 0:57:10]} dxe4 {[%clk 1:04:41]} 15. fxe4
{[%clk 0:57:25]} fxe4 {[%clk 1:04:39]} 16. Nxe4 {[%clk 0:57:40]} Ndf6
{[%clk 1:04:12]} 17. Ng5 {[%clk 0:48:35]} Qd5 {[%clk 1:01:26]} 18. Rf2
{[%clk 0:40:56]} Rd8 {[%clk 0:53:11]} 19. Be5 {[%clk 0:32:37]} h6
{[%clk 0:46:14]} 20. Nf4 {[%clk 0:27:18]} Qd7 {[%clk 0:43:36]} 21. Nge6
{[%clk 0:20:41]} Nd6 {[%clk 0:36:45]} 22. Nxd8 {[%clk 0:11:24]} Rxd8
{[%clk 0:35:18]} 23. Bxd6 {[%clk 0:10:37]} Qxd6 {[%clk 0:35:15]} 24. Rxc4
{[%clk 0:09:57]} b5 {[%clk 0:34:36]} 25. Rc1 {[%clk 0:05:22]} Qxd4
{[%clk 0:25:30]} 26. Qxd4 {[%clk 0:03:40]} Rxd4 {[%clk 0:25:47]} 27. Re2
{[%clk 0:01:58]} Bd6 {[%clk 0:17:53]} 28. Ne6 {[%clk 0:01:36]} Rd5
{[%clk 0:17:45]} 29. Nd8 {[%clk 0:00:37]} Bxh2+ {[%clk 0:16:07]} 30. Kxh2
{[%clk 0:00:52]} Rxd8 {[%clk 0:16:30]} 31. Rc7 {[%clk 0:00:36]} Rb8
{[%clk 0:12:59]} 32. Ree7 {[%clk 0:00:36]} Bd5 {[%clk 0:09:48]} 33. Rxg7+
{[%clk 0:00:48]} Kf8 {[%clk 0:08:25]} 34. Rxa7 {[%clk 0:01:00]} Rc8
{[%clk 0:04:05]} 35. Rg6 {[%clk 0:00:47]} Rc6 {[%clk 0:03:47]} 36. Rb7
{[%clk 0:00:42]} Bc4 {[%clk 0:02:51]} 37. b3 {[%clk 0:00:41]} Bf7
{[%clk 0:02:41]} 38. Be4 {[%clk 0:00:33]} Rd6 {[%clk 0:02:05]} 39. Rb8+
{[%clk 0:00:37]} Ke7 {[%clk 0:02:02]} 40. Rxf6 {[%clk 0:00:55]} Kxf6
{[%clk 0:01:49]} 41. Rxb5 {[%clk 0:01:14]} Ra6 {[%clk 0:01:27]} 42. a4
{[%clk 0:00:54]} Be6 {[%clk 0:01:11]} 43. Rb8 {[%clk 0:00:35]} Ke5
{[%clk 0:00:52]} 44. Bd3 {[%clk 0:00:42]} Ra7 {[%clk 0:00:00]} 45. Rb4 1-0

[Event "v4camp2016"]
[Site "?"]
[Date "2016.06.26"]
[Round "8.17"]
[White "Janecek, Miroslav"]
[Black "Kuna, Martin"]
[Result "0-1"]
[BlackElo "1861"]
[WhiteElo "1454"]
[LiveChessVersion "1.4.8"]

1. d4 {[%clk 1:30:57]} d5 {[%clk 1:30:46]} 2. c4 {[%clk 1:31:22]} e6
{[%clk 1:31:05]} 3. Nc3 {[%clk 1:31:47]} Nf6 {[%clk 1:31:33]} 4. cxd5
{[%clk 1:32:01]} exd5 {[%clk 1:31:54]} 5. Bg5 {[%clk 1:32:19]} Nbd7
{[%clk 1:30:48]} 6. Nxd5 {[%clk 1:30:04]} Nxd5 {[%clk 1:31:11]} 7. Bxd8
{[%clk 1:25:09]} Bb4+ {[%clk 1:31:21]} 8. Qd2 {[%clk 1:25:35]} Bxd2+
{[%clk 1:31:46]} 9. Kxd2 {[%clk 1:26:04]} Kxd8 {[%clk 1:32:06]} 10. e4
{[%clk 1:26:30]} N5f6 {[%clk 1:30:40]} 11. f3 {[%clk 1:25:20]} Ke7
{[%clk 1:29:43]} 12. e5 {[%clk 1:24:08]} Nd5 {[%clk 1:30:00]} 13. g3
{[%clk 1:24:00]} N7b6 {[%clk 1:29:35]} 14. f4 {[%clk 1:23:05]} Bf5
{[%clk 1:29:49]} 15. Ne2 {[%clk 1:22:16]} Nc4+ {[%clk 1:28:54]} 16. Kc1
{[%clk 1:20:58]} Rhd8 {[%clk 1:24:57]} 17. Nc3 {[%clk 1:20:34]} Nce3
{[%clk 1:23:41]} 18. Nxd5+ {[%clk 1:20:37]} Rxd5 {[%clk 1:23:59]} 19. Kd2
{[%clk 1:20:25]} Nxf1+ {[%clk 1:24:14]} 20. Rhxf1 {[%clk 1:20:48]} Rxd4+
{[%clk 1:24:40]} 21. Kc3 {[%clk 1:19:58]} Rad8 {[%clk 1:25:03]} 0-1